Vomme Rashiya innomme Italiya. (Record no. 88010)

MARC details
000 -LEADER
fixed length control field 00642nam a2200205Ia 4500
003 - CONTROL NUMBER IDENTIFIER
control field OSt
005 - DATE AND TIME OF LATEST TRANSACTION
control field 20260417130123.0
008 - FIXED-LENGTH DATA ELEMENTS--GENERAL INFORMATION
fixed length control field 210210b1983 xxu||||| |||| 00| 0 eng d
040 ## - CATALOGING SOURCE
Transcribing agency AL
041 ## - LANGUAGE CODE
Language code of text/sound track or separate title Kannada
082 ## - DEWEY DECIMAL CLASSIFICATION NUMBER
Classification number 914.04K HARO
100 ## - MAIN ENTRY--PERSONAL NAME
Personal name HARIDASA BHATTA (Ku Shi).
Dates associated with a name ಕು. ಶಿ. ಹರಿದಾಸ ಭಟ್ಟ
9 (RLIN) 262065
245 ## - TITLE STATEMENT
Title Vomme Rashiya innomme Italiya.
Remainder of title ಒಮ್ಮೆ ರಶಿಯಾ ಇನ್ನೊಮ್ಮೆ ಇತಾಲಿಯಾ
260 ## - PUBLICATION, DISTRIBUTION, ETC.
Place of publication, distribution, etc. Maisuru
Name of publisher, distributor, etc. Gita Buk Haus
Date of publication, distribution, etc. 1983
300 ## - PHYSICAL DESCRIPTION
Extent 230
650 ## - SUBJECT ADDED ENTRY--TOPICAL TERM
Topical term or geographic name entry element Rashiya Iteli Pravasa
9 (RLIN) 262066
690 ## - LOCAL SUBJECT ADDED ENTRY--TOPICAL TERM (OCLC, RLIN)
Topical term or geographic name as entry element Travel
9 (RLIN) 262067
906 ## - LOCAL DATA ELEMENT F, LDF (RLIN)
a 037507
942 ## - ADDED ENTRY ELEMENTS (KOHA)
Source of classification or shelving scheme Dewey Decimal Classification
Koha item type Book
Holdings
Withdrawn status Lost status Source of classification or shelving scheme Damaged status Not for loan Collection code Home library Current library Shelving location Date acquired Cost, normal purchase price Total Checkouts Full call number Barcode Date last seen Price effective from Koha item type
    Dewey Decimal Classification     General St Aloysius Library St Aloysius Library   02/17/2021 0.00   914.04K HARO 037507 02/17/2021 02/17/2021 Book